| 000 | 00423nam a2200181Ia 4500 | ||
|---|---|---|---|
| 008 | 210210b1929 xxu||||| |||| 00| 0 eng d | ||
| 041 | _aeng | ||
| 082 | _a825/378 | ||
| 100 | _aGRIERSON (H J C) | ||
| 245 | _aCross currents: 17 century | ||
| 260 |
_aLondon _bChatto & Windus _c1929 |
||
| 650 | _acurrents: | ||
| 650 | _aCross | ||
| 650 | _acentury | ||
| 650 | _a17 | ||
| 690 | _aEnglish Criticism | ||
| 906 | _a014694 | ||
| 999 |
_c133909 _d133909 |
||